000 01012cam a2200337 i 4500
001 121446
005 20230404123516.0
008 230404s2016 enk 000|0 eng d
020 _a9780414052567
_qpaperback
020 _a0414052560
_qpaperback
035 _a(UK-WkNB)9780414052567
035 _a(StEdALDL)1/3315044
040 _aUK-WkNB
041 _aeng
082 0 4 _a343.41078624
110 2 _aJoint Contracts Tribunal.
245 1 0 _aJCT: Minor works sub-contract with sub-contractor's design 2016
_bMWSub/D 2016
246 3 _aMWSub/D 2016
264 1 _aLondon :
_bSweet & Maxwell, Thomson Reuters,
_c[2016]
264 4 _c©2016
300 _aii, 27 pages ;
_c30 cm
336 _atext
_2rdacontent
337 _aunmediated
_2rdamedia
338 _avolume
_2rdacarrier
500 _aCover title.
500 _aPrevious issue: 2011.
650 0 _aConstruction contracts
_zGreat Britain
651 _aUnited Kingdom
942 _n0
999 _c121446
_d121446